000 01296nam a22002897a 4500
003 OSt
005 20250808122500.0
008 210915b2011 ck a|||br|||| 00| j spa d
020 _a9789588471464
040 _aCO-JMCR
_cCO-JMCR
041 0 _aspa
082 0 4 _aC
_bQUIa
_223
100 1 _aQuiroga, Horacio,
_eautor
_940474
245 1 0 _aAnaconda y otros cuentos /
_cHoracio Quiroga ; ilustraciones Iván A. Benavides Carmona ; introducción Julio Paredes
250 _aPrimera edición
260 _aBogotá :
_bAlcaldía Mayor de Bogotá : Secretaría Distrital de Cultura, Recreación y Deporte : Instituto Distrital de las Artes-Idartes,
_c2011
300 _a146 páginas :
_bilustraciones a blanco y negro ;
_c17 cm.
490 0 _aLibro al viento ;
_v75
505 0 _aEl almohadón de pluma -- El alambre de púa -- Anaconda -- En la noche -- Juan Darién El regreso de la Anaconda -- El hombre muerto -- El desierto -- De caza
650 1 4 _aCuentos uruguayos
_ySiglos XIX-XX
_940475
650 2 4 _aLiteratura uruguaya
_ySiglos XIX-XX
_940476
650 2 4 _aSelva en la literatura
_940477
650 2 4 _aAnimales en la literatura
_940478
700 1 _aBenavides Carmona, Iván A.,
_eilustrador
_940479
700 1 _aParedes, Julio,
_eautor de introducción
_9864
942 _2ddc
_cBK
999 _c15604
_d15604